| 000 | 00505nam a2200145Ia 4500 | ||
|---|---|---|---|
| 005 | 20260209120127.0 | ||
| 008 | 260209s9999||||xx |||||||||||||| ||und|| | ||
| 100 | _aKarthick M. | ||
| 245 | 4 | _aThe impact of the direct tax code on the insurance sector | |
| 260 |
_aBangaloreBangalore _bNLSIU _c2010 |
||
| 300 | _a80 p. ; 25 cm. | ||
| 650 | _aDirect Tax Code Taxation | ||
| 700 | _aProf. (Dr.) Ashok R Patil - GuideProf. (Dr.) Ashok R Patil - Guide | ||
| 856 | _uhttps://dans.nls.ac.in/handle/123456789/1973 | ||
| 999 |
_c216921 _d216921 |
||